000 00324nam a2200133Ia 4500
008 240624s9999 xx 000 0 und d
041 _aeng
082 _a658.314 BUS
100 _aBUSTIN GREG
245 _aACCOUNTABILITY
260 _c2014
_aNew Delhi
_bTata McGraw-Hill
300 _a295 : p. : cm. ; 24
365 _cRS
_b33
999 _c26205
_d26205